000 00801nam a2200181 a 4500
008 061108s1969 ||||||||||||||||| || u
050 _aUNZA-IAS(08)ZP/4
100 _aOhadike, Patrick O
245 1 0 _aDevelopment of and factors in the employment of African migrants in the Copper Mines of Zambia 1940-66
_cBy Patrick O. Ohadike
260 _aLusaka
_bUniversity of Zambia Institute for Social Research
_c1969
350 _a0.00
490 _aZambian papers
650 _aMigrant labor - Zambia
650 _aLABOUR
650 _aCOPPER MINES AND MINING--ZAMBIA
710 _aUniversity of Zambia. Institute for Social Research
995 _D0.00
_FCBU-MAIN LIBRARY (Kitwe)
_H1
_I0.00
_M4
_UAVAILABLE
_WNov 8, 2006
_ZZambiana Collection
999 _c39991
_d39991